01683nam a2200325Ia 4500001001200000003000800012006001900020007001500039008004100054010001700095020001500112020002800127040002100155035002100176050002700197100002900224245008100253260008700334300001600421504005100437505037600488533015200864650006001016650004301076650004901119655002901168710001701197856012601214999001701340ebr10083783CaPaEBRm u cr cn|||||||||040916s2005 vau sb 001 0 eng d z 2004021622 z1416601848 z1416600310 (alk. paper) aCaPaEBRcCaPaEBR a(OCoLC)61477055014aLB2806.45b.G33 2005eb1 aGabriel, John G.,d1973-10aHow to thrive as a teacher leaderh[electronic resource] /cJohn G. Gabriel. aAlexandria, Va. :bAssociation for Supervision and Curriculum Development,cc2005. axiv, 220 p. aIncludes bibliographical references and index.0 aOrganizational leadership : nurturing leadership in your school -- Strategic leadership : assembling your team -- Interpersonal leadership : communicating your leadership -- Adaptive leadership : navigating challenges and effecting change -- Motivational leadership : building climate and community -- Instructional leadership : improving student and teacher achievement. aElectronic reproduction.bPalo Alto, Calif. :cebrary,d2009.nAvailable via World Wide Web.nAccess may be limited to ebrary affiliated libraries. 0aTeacher participation in administrationzUnited States. 0aEducational leadershipzUnited States. 0aHigh school department headszUnited States. 7aElectronic books.2local2 aebrary, Inc.40uhttp://site.ebrary.com/lib/rucke/Doc?id=10083783zAn electronic book accessible through the World Wide Web; click to view c56015d56015